Osudy dobrého vojáka Švejka /
„Tak nám zabili Ferdinanda” řekla posluhovačka panu Švejkovi, který s temi slovy vstoupil do velkých dejin 20. století. Stačilo, aby se jenom ocitl na nevhodném míste v nevhodném čase (nebo byla to práve správná doba?) aby se z obyčejného prodavače psů stál dobrým vojákem Švejkem. Jednou z nejvýznam...
Uloženo v:
| Hlavní autor: | |
|---|---|
| Médium: | E-kniha |
| Jazyk: | Czech |
| Vydáno: |
Praha :
Saga Egmont,
2024
|
| Tagy: |
Žádné tagy |
| LEADER | 01680nam a22002297i 4500 | ||
|---|---|---|---|
| 001 | 312566 | ||
| 007 | ta | ||
| 008 | 260601s2024 xr ||||| |||| 00| 0 cze d | ||
| 020 | |a 9990004156548 | ||
| 044 | |a xr | ||
| 100 | 1 | |a Hašek, Jaroslav |4 aut | |
| 245 | 1 | 0 | |a Osudy dobrého vojáka Švejka / |c Hašek, Jaroslav |
| 264 | 1 | |a Praha : |b Saga Egmont, |c 2024 | |
| 300 | |a 1 online zdroj (657 stran) | ||
| 336 | |a text |b txt |2 rdacontent | ||
| 337 | |a bez média |b n |2 rdamedia | ||
| 338 | |a online zdroj |b cr |2 rdacarrier | ||
| 520 | 2 | |a „Tak nám zabili Ferdinanda” řekla posluhovačka panu Švejkovi, který s temi slovy vstoupil do velkých dejin 20. století. Stačilo, aby se jenom ocitl na nevhodném míste v nevhodném čase (nebo byla to práve správná doba?) aby se z obyčejného prodavače psů stál dobrým vojákem Švejkem. Jednou z nejvýznamnějších českých osobností asi není třeba představovat. Kdekoli se objeví, vyvolává zmatek a svým chováním dokáže vyvést každého člověka přesvědčeného o své inteligenci a klidu z rovnováhy. Kdo je tento malý český člověk? Nevědomý vtipálek, nebo vynikající znalec vojenských orgánu rakousko-uherské monarchie, jenž pod pláštíkem nevinného blázna odhaluje absurdity zkostnatelého politického systému? | |
| 910 | |a RBIT002 | ||
| 998 | |d 415654 |a https://core.palmknihy.cz/api/books/415654/cover?smw672 |b https://core.palmknihy.cz/api/books/415654/cover/400?smw672 |c https://core.palmknihy.cz/api/books/415654/cover/50?smw672 |e |g 657 |i 9990004156548 |j https://core.palmknihy.cz/api/books/415654/preview.epub |l |q 49 |r 1 |s https://www.palmknihy.cz/kniha/415654 |t ebook |y 2024 |z 1 | ||
| 999 | |d 312564 | ||